Pioneer countries and the global diffusion of environmental innovations (Registro nro. 13654)
[ vista simple ]
| 000 -CABECERA | |
|---|---|
| Campo de control | 004770000a22001450004500 |
| 090 ## - CLASIFICACIÓN LOCAL | |
| Colección | AR |
| Consecutivo | 04554 |
| 041 0# - IDIOMA | |
| Código de idioma para texto/pista de sonido o título separado | |
| 100 1# - ASIENTO PRINCIPAL--NOMBRE PERSONAL | |
| Nombre personal | Huber, Joseph |
| 245 10 - MENCION DE TITULO | |
| Título | Pioneer countries and the global diffusion of environmental innovations |
| Version | these from the viewpoint of ecological modernisation theory |
| 650 14 - ASIENTO SECUNDARIO DE MATERIA - TERMINO TEMATICO | |
| Término temático o nombre geográfico como elemento de entrada | Innovaciones |
| 650 14 - ASIENTO SECUNDARIO DE MATERIA - TERMINO TEMATICO | |
| Término temático o nombre geográfico como elemento de entrada | Medio ambiente |
| 650 14 - ASIENTO SECUNDARIO DE MATERIA - TERMINO TEMATICO | |
| Término temático o nombre geográfico como elemento de entrada | Ecología |
| 773 1# - Item fuente: | |
| Título | Global environment |
| Paginas del Articulo | 360-367 |
| Lugar, editorial y fecha de publicación | 2008 |
| Información sobre la relación | 18 |
| 942 ## - ELEMENTOS ADICIONALES (KOHA) | |
| Tipo de ítem | Artículo |
| Withdrawn status | Lost status | Damaged status | No para préstamo | Colección | Ubicación Permanente | Ubicación actual | Fecha de adquisición | Fuente de Valor | Datos de publicación Seriada | Total Checkouts | Número topográfico | Inventario / Código de Barras | Date last seen | Ejemplar | Price effective from | Forma de adquisición | Tipo de material |
|---|---|---|---|---|---|---|---|---|---|---|---|---|---|---|---|---|---|
| No para Préstamo | Hemeroteca | Bogotá | Bogotá | 20/11/2009 | PUJ | Fuera de circulación | AR 04554 | 027777 | 25/03/2015 | 1 | 25/03/2015 | Artículo |